[Event "Messina op 2nd"]
[Site "Messina"]
[Date "2012.08.30"]
[Round "5"]
[White "Alfarone, Giovanni"]
[Black "Rota, Giacomo"]
[Result "0-1"]
[WhiteElo "1992"]
[BlackElo "1983"]
[PlyCount "66"]
[EventDate "2012.08.27"]
[EventType "swiss"]
[EventRounds "8"]
[EventCountry "ITA"]
[SourceTitle "EXT 2014"]
[Source "ChessBase"]
[SourceDate "2013.11.20"]
[SourceVersion "1"]
[SourceVersionDate "2013.11.20"]
[SourceQuality "1"]

1. Nf3 d5 2. d4 Nf6 3. e3 e6 4. Bd3 c5 5. b3 Nc6 6. 0-0 Bd6 7. Bb2 0-0 8. Ne5 Qc7 9. f4 cxd4 10. exd4 Nb4 11. Nc3 Nxd3 12. cxd3 Qe7 13. Nb5 Bb4 14. a3 Ba5 15. Bc3 Bxc3 16. Nxc3 Bd7 17. g4 Rfc8 18. g5 Rxc3 19. gxf6 gxf6 20. Nxd7 Qxd7 21. Qg4+ Kh8 22. Qh4 Rg8+ 23. Kh1 Rg6 24. f5 exf5 25. Qh3 Rc2 26. Rac1 Rxc1 27. Rxc1 Qe6 28. Rf1 f4 29. Qf3 Qe3 30. Qxf4 Qxd3 31. Rf3 Qb1+ 32. Rf1 Qxb3 33. Qf5 Qa2 0-1

[Event "Milan Crespi op-A 32nd"]
[Site "Milan"]
[Date "2011.12.03"]
[Round "1"]
[White "Rota, Giacomo"]
[Black "Iudicello, Giovanni"]
[Result "0-1"]
[WhiteElo "2008"]
[BlackElo "2188"]
[PlyCount "64"]
[EventDate "2011.12.03"]
[EventType "swiss"]
[EventRounds "9"]
[EventCountry "ITA"]
[SourceTitle "EXT 2022"]
[Source "ChessBase"]
[SourceDate "2021.10.06"]
[SourceVersion "1"]
[SourceVersionDate "2021.10.06"]
[SourceQuality "1"]

1. d4 Nf6 2. Nf3 g6 3. c4 Bg7 4. g3 d6 5. Bg2 0-0 6. 0-0 Nbd7 7. b3 Re8 8. Bb2 e5 9. dxe5 Ng4 10. Nc3 Ngxe5 11. Nxe5 dxe5 12. Qc2 c6 13. Rad1 f5 14. e4 f4 15. Qd2 Qf6 16. Bh3 Nf8 17. Bxc8 Raxc8 18. f3 Ne6 19. Ne2 Rcd8 20. Qc1 Rxd1 21. Qxd1 Rd8 22. Qc1 g5 23. g4 Rd3 24. Qc2 Qd8 25. Bc3 Qb6+ 26. Kg2 Qe3 27. Rf2 Nd4 28. Nxd4 Rxc3 29. Nf5 Rxc2 30. Nxe3 Rxf2+ 31. Kxf2 fxe3+ 32. Kxe3 Bf8 0-1

[Event "Milan Crespi op-B 31th"]
[Site "Milan"]
[Date "2010.12.06"]
[Round "4"]
[White "Rota, Giacomo"]
[Black "Nepi, Ezio"]
[Result "1/2-1/2"]
[WhiteElo "2011"]
[BlackElo "1904"]
[PlyCount "81"]
[EventDate "2010.12.04"]
[EventType "swiss"]
[EventRounds "7"]
[EventCountry "ITA"]
[SourceTitle "EXT 2024"]
[Source "ChessBase"]
[SourceDate "2023.10.10"]
[SourceVersion "1"]
[SourceVersionDate "2023.10.10"]
[SourceQuality "1"]

1. d4 d5 2. Nf3 Nf6 3. Nbd2 Bf5 4. g3 c6 5. Bg2 h6 6. 0-0 e6 7. c4 Nbd7 8. Re1 Bd6 9. a3 0-0 10. Nh4 Bh7 11. e4 dxe4 12. Nxe4 Nxe4 13. Bxe4 Bxe4 14. Rxe4 Nf6 15. Re3 Rc8 16. b4 Bb8 17. Bb2 Rc7 18. Nf3 Rd7 19. Ne5 Bxe5 20. Rxe5 Qc7 21. Qf3 Rd6 22. g4 Qe7 23. Kh1 Rfd8 24. Rg1 Nd7 25. Re4 b5 26. Bc1 Nf6 27. Re5 Nh7 28. cxb5 cxb5 29. Rxb5 Rxd4 30. Rb7 R4d7 31. Rxd7 Rxd7 32. Be3 Qd8 33. a4 Ng5 34. Bxg5 Qxg5 35. Rd1 Rxd1+ 36. Qxd1 Qf4 37. b5 Qxf2 38. a5 Qc5 39. Qa4 Qc1+ 40. Kg2 Qd2+ 41. Kg3 1/2-1/2